Advanced financial accounting / (Record no. 344856)

000 -LEADER
fixed length control field 00713 a2200217 4500
020 ## - INTERNATIONAL STANDARD BOOK NUMBER
International Standard Book Number 0071140476
020 ## - INTERNATIONAL STANDARD BOOK NUMBER
International Standard Book Number 9780071140478
090 ## - LOCALLY ASSIGNED LC-TYPE CALL NUMBER (OCLC); LOCAL CALL NUMBER (RLIN)
-- 2358
-- 2358
100 1# - MAIN ENTRY--PERSONAL NAME
Personal name Baker, Richard E.
245 10 - TITLE STATEMENT
Title Advanced financial accounting /
Statement of responsibility, etc. Richard E. Baker.
250 ## - EDITION STATEMENT
Edition statement 3Rev Ed ed.
260 ## - PUBLICATION, DISTRIBUTION, ETC.
Place of publication, distribution, etc. [S.l.] :
Name of publisher, distributor, etc. McGraw-Hill Education (ISE Editions),
Date of publication, distribution, etc. 1995.
300 ## - PHYSICAL DESCRIPTION
Extent 1312 p.
500 ## - GENERAL NOTE
General note Import.
500 ## - GENERAL NOTE
General note Paperback.
700 1# - ADDED ENTRY--PERSONAL NAME
Personal name Lembke, Valdean C.
700 1# - ADDED ENTRY--PERSONAL NAME
Personal name King, Thomas E.
856 40 - ELECTRONIC LOCATION AND ACCESS
Materials specified Amazon.com
Uniform Resource Identifier <a href="http://www.amazon.com/exec/obidos/ASIN/0071140476/chopaconline-20">http://www.amazon.com/exec/obidos/ASIN/0071140476/chopaconline-20</a>
856 40 - ELECTRONIC LOCATION AND ACCESS
Materials specified Amazon customer reviews
Uniform Resource Identifier <a href="http://www.chopac.org/cgi-bin/tools/azrev.pl?q=0071140476">http://www.chopac.org/cgi-bin/tools/azrev.pl?q=0071140476</a>
942 ## - ADDED ENTRY ELEMENTS (KOHA)
Institution code [OBSOLETE] NBS
Koha item type Book
Call number prefix 657.046 RIC
Holdings
Withdrawn status Lost status Damaged status Not for loan Permanent Location Current Location Date acquired Total Checkouts Full call number Barcode Date last seen Price effective from Koha item type
        Central Library (CL) Central Library (CL) 08/28/2013   657.046 RIC NBS424 08/28/2013 08/28/2013 Book
© 2023 Central Library, National University of Sciences and Technology. All Rights Reserved.